Super-state : the new Europe and its challenge to America

Αποθηκεύτηκε σε:
Λεπτομέρειες βιβλιογραφικής εγγραφής
Κύριος συγγραφέας: Haseler, Stephen 1942-
Μορφή: Βιβλίο
Γλώσσα:English
Δημοσίευση: London ; : New York : I.B. Tauris, 2004
Θέματα:
Ετικέτες: Προσθήκη ετικέτας
Δεν υπάρχουν, Καταχωρήστε ετικέτα πρώτοι!

MARC

LEADER 00000nam a2200000 i 4500
001 1/67135
008 041130s2004 eng d
020 |a 1-86064-843-6 
035 |l 10075531 
040 |a GR-MY-UA  |b gre  |e aacr 
041 0 |a eng 
082 0 |a 320.9409045  |2 (21) 
100 1 |a Haseler, Stephen  |d 1942- 
245 1 0 |a Super-state :  |b the new Europe and its challenge to America /  |c Stephen Haseler 
260 |a London ; :   |a New York :   |b I.B. Tauris,   |c 2004 
300 |a xi, 212 p.;  |c 23 cm 
504 |a Includes bibliographical references and index 
650 0 0 |a Iraq War  |y 2003  |x Diplomatic history. 
651 0 |a Europe  |x Politics and government  |y 1989- 
651 0 |a Europe  |x Foreign relations  |z United States. 
651 0 |a United States  |x Foreign economic relations  |z Europe. 
852 |a INST  |b RHODES  |e 20041130  |h 320.9409045 HAS  |p 005400018240  |q 005400018240  |t BK  |y 0 
901 |a BIBL4-2004-3 
909 |a Ρ  |b 110177 
920 |a ΕΡΓΑΣΤΗΡΙΟ ΜΕΣΟΓΕΙΑΚΗΣ ΠΟΛΙΤΙΚΗΣ  |b ΕΠΕΑΕΚ-ΤΜΣ  |y ΡΟΔΟΣ  |z 2004-11 
922 |a 4ΕΛΗ 
970 |z 2004/11/30